World book encyclopaedia, Vol 11 / (Record no. 9090)
[ view plain ]
| 000 -LEADER | |
|---|---|
| fixed length control field | 00391cam a2200145ua 4500 |
| 041 ## - LANGUAGE CODE | |
| Language code of text/sound track or separate title | eng |
| 082 ## - DEWEY DECIMAL CLASSIFICATION NUMBER | |
| Classification number | 030 |
| Item number | JON/WO |
| 100 ## - MAIN ENTRY--AUTHOR NAME | |
| Personal name | Jones, Morris J. |
| 245 00 - TITLE STATEMENT | |
| Title | World book encyclopaedia, Vol 11 / |
| 260 ## - PUBLICATION, DISTRIBUTION, ETC. (IMPRINT) | |
| Place of publication | Chicago : |
| Name of publisher | Field Enterprise Eduacational Corporation , |
| Year of publication | 1961. |
| 300 ## - PHYSICAL DESCRIPTION | |
| Number of Pages | 468 ; . |
| 942 ## - ADDED ENTRY ELEMENTS (KOHA) | |
| Koha item type | Books |
| Withdrawn status | Lost status | Damaged status | Home library | Current library | Date acquired | Full call number | Accession Number | Koha item type |
|---|---|---|---|---|---|---|---|---|
| KAUAET | KAUAET | 07/04/2012 | 030 | 751 K | Reference |
